| 000 | 00635cam a2200229 a 4500 | ||
|---|---|---|---|
| 001 | 516042 | ||
| 005 | 20180109033811.0 | ||
| 008 | 860512s1987 enka b 001 0 eng | ||
| 010 | _a 86010528 | ||
| 020 |
_a0853129738 : _c£16.50 |
||
| 020 | _a0470203919 (Halsted Press) | ||
| 040 |
_aDLC _cDLC _dDLC |
||
| 041 | _aeng | ||
| 080 | _a005 EIS | ||
| 082 | 0 | 0 |
_a005 EIS _219 |
| 100 | _a41 | ||
| 101 | _aARK | ||
| 245 | 0 | 0 |
_aFunctional programming : _ceditor, S. Eisenbach. |
| 504 | _aBibliography: p. [170]-172. | ||
| 906 |
_a7 _bcbc _corignew _d1 _eocip _f19 _gy-gencatlg |
||
| 942 |
_2ddc _cBK |
||
| 999 |
_c39826 _d39826 |
||